BTS Songs nach einem Vers - Statistiken

Allgemein
  • Dieses Quiz wurde 8 mal gespielt
  • Das Durchschnittsergebnis liegt bei 12 aus 20
Antwortstatistiken
Hint Antwort % Korrekt
Smooth like ______, like a criminal undercover Butter
100%
'Cause I, I, I'm in the stars tonight Dynamite
100%
You can call me artist (artist) IDOL
100%
Everything lit, it's fire, everything big, it's fire FYA
86%
Kerosene, dopamine, chemical-induced NORMAL
86%
Dollar, dollar Go Go
71%
Watch this, watch this beat goin' ________ Hooligan
71%
Baby, you remind me Into the Sun
71%
Was it honestly the best? Yet To Come
71%
When you say that you love me, 난 하늘 위를 걷네 Best Of Me
57%
떠나볼까 let me fly to my Fly To My Room
57%
Take me into your deep Like Animals
57%
I wish that I could tell you that it's over (over) Merry Go Round
57%
They call me (call me) _______ (_______) Baepsae
43%
I'm a ____ ______, 좀 늦어버린 고백, I swear Born Singer
43%
It's the thought of bein' young Permission to Dance
43%
(Ooh), In a world where you feel cold Stay Gold
43%
If you wanna, if you wanna, I'll do that thing for ya Please
29%
Will you stay? Take Two
29%
Where is my angel? Blue & Grey
14%
Keine übereinstimmenden Quizze gefunden
Verteilung der Resultate
Anzahl Personen mit jedem Resultat
Perzentil nach korrekt beantworteten Fragen
Ihre Resultats-Entwicklung
Sie haben dieses Quiz noch nicht gespielt